Doplnkové poistenie s podporou štátu je naďalej v štádiu návrhov
Koncepcia transformácie sociálnej sféry na Slovensku predpokladá vytvorenie systému dobrovoľného pripoistenia ako nadstavby základného dôchodkového poistenia: doplnkové dôchodkové poistenie a individuálne dôchodkové poistenie (životné poistenie, podielové penzijné fondy).
Gespeichert in:
| 1. Verfasser: | |
|---|---|
| Weitere Verfasser: | |
| Format: | Buchkapitel |
| Sprache: | Slowakisch |
| Schlagworte: | |
| Tags: |
Keine Tags, Fügen Sie das erste Tag hinzu!
|
MARC
| LEADER | 00000naa a2200000 4500 | ||
|---|---|---|---|
| 001 | r020159 | ||
| 005 | 20221213100755.3 | ||
| 041 | 0 | |a slo | |
| 044 | |a SK | ||
| 245 | 1 | 0 | |a Doplnkové poistenie s podporou štátu je naďalej v štádiu návrhov |c J. Matyáš, Ľ. Jurina |
| 520 | |a Koncepcia transformácie sociálnej sféry na Slovensku predpokladá vytvorenie systému dobrovoľného pripoistenia ako nadstavby základného dôchodkového poistenia: doplnkové dôchodkové poistenie a individuálne dôchodkové poistenie (životné poistenie, podielové penzijné fondy). | ||
| 610 | 2 | 0 | |a poistenie dôchodkové |
| 610 | 2 | 0 | |a zabezpečenie dôchodkové |
| 610 | 2 | 0 | |a pripoistenie |
| 610 | 2 | 0 | |a poistenie životné |
| 610 | 2 | 0 | |a fondy penzijné |
| 610 | 2 | 0 | |a fondy podielové |
| 610 | 2 | 0 | |a Prvá penzijná, a.s. Bratislava |
| 610 | 2 | 0 | |a Slovensko |
| 100 | 1 | |a Matyáš, J. | |
| 700 | 1 | |a Jurina, Ľ. | |